000 00733nam a2200205Ii 4500
003 JO-AjNU
008 230605s9999||||xx |||||||||||||| ||und||
017 _a667
040 _aJO-AjNU
_bara
_erda
_cJO-AjNU
041 _aara
050 1 4 _aQ331.H32 1982
100 3 _aتاليف حديد سمير بشير /م مشارك يحيني عبد سعيد,
_eauthor
_910242
245 0 0 _aالدوال المعقدة للصف الثالث فيزياء في كليات التربية
264 3 1 _aالموصل:وزارة التعليم العالي,1982
300 _a318ص
336 _atext
_btxt
_2rdacontent
337 _aunmediated
_bn
_2rdamedia
338 _avolume
_bnc
_2rdacarrier
650 4 _aالدوال المعقدة
_910243
999 _aA1707
_c5275
_d5275